Państwo Ameryki Północnej na literę... - Statystyki

Ogólne statystyki
  • Ten quiz został rozwiązany 68 razy
  • Średni wynik to 11 z 12
Statystyki odpowiedzi
Litera Państwo % Poprawnych
K Kanada | Kostaryka | Kuba
97%
S Saint Kitts i Nevis | Saint Vincent i Grenadyny | Saint Lucia | Salwador | Stany Zjednoczone
97%
H Haiti | Honduras
95%
D Dominika | Dominikana
93%
G Grenada | Gwatemala
90%
A Antigua i Barbuda
88%
B Bahamy | Barbados | Belize
88%
M Meksyk
88%
J Jamajka
87%
P Panama
85%
T Trynidad i Tobago
83%
N Nikaragua
82%
Nie znaleziono quizów pasujących do podanych kryteriów
Rozkład punktacji
Procent ludzi z każdym wynikiem
Percentyl według liczby udzielonych odpowiedzi
Twoja historia wyników
Nie rozwiązałeś tego quizu